000 00662cam a22002293a 4500
001 23529
003 PGUSA
005 20140828083513.0
008 071117s2007||||xxu|||||s|||||000 | eng d
040 _aPGUSA
_beng
042 _adc
050 4 _aAP
245 1 0 _aBlackwood's Edinburgh Magazine - Volume 55, No. 344, June, 1844
_h[electronic resource] /
_cVarious
260 _bProject Gutenberg,
_c2007
506 _aPublic domain in the USA.
516 _aElectronic text
653 _aScotland -- Periodicals
653 _aEngland -- Periodicals
830 0 _aProject Gutenberg
_v23529
856 4 0 _uhttp://www.gutenberg.org/ebooks/23529
942 _cEB
999 _c252784
_d252784